مكتبة جامعة عجلون الوطنية

فهرس بحث المكتبة

Normal view MARC view
  • التأمين الاجتماعي -- الأردن -- تقارير سنوية -- الأردن -- المؤسسة العامة للضمان الإجتماعي -- تقارير سنوية -- الأردن. وزارة العمل. المؤسسة العامة للضمان الاجتماعي -- تقارير

Entry Topical Term

Number of records used in: 1

001 - CONTROL NUMBER

  • control field: 50836

003 - CONTROL NUMBER IDENTIFIER

  • control field: JO-AjAnu

005 - DATE AND TIME OF LATEST TRANSACTION

  • control field: 20230606082351.0

008 - FIXED-LENGTH DATA ELEMENTS

  • fixed length control field: 230606|| aca||aabn | a|a d

040 ## - CATALOGING SOURCE

  • Original cataloging agency: JO-AjAnu
  • Transcribing agency: JO-AjAnu

150 ## - HEADING--TOPICAL TERM

  • Topical term or geographic name entry element: التأمين الاجتماعي -- الأردن -- تقارير سنوية -- الأردن -- المؤسسة العامة للضمان الإجتماعي -- تقارير سنوية -- الأردن. وزارة العمل. المؤسسة العامة للضمان الاجتماعي -- تقارير

670 ## - SOURCE DATA FOUND

  • Source citation: Work cat.: (JO-AjAnu)25985: المؤسسة العامة للضمان الاجتماعي (الأردن), author 50835, المؤسسة العامة للضمان الاجتماعي : التقرير السنوي، 2013